Statistics for State Quiz - Florida

Click here to take the quiz!

General Stats

  • This quiz has been taken 48,240 times
    (36,801 since last reset)
  • The average score is 16 of 22

Answer Stats

HintAnswer% Correct
Most populous metro areasMiami
98%
Florida is the U.S. state where this pink
bird is most often seen in the wild
Flamingo
91%
Most populous metro areasOrlando
90%
Official nickname{Sunshine} State
89%
Most-visited tourist attractionWalt Disney World
89%
Capital cityTallahassee
88%
State reptileAlligator
86%
About 1 million Floridians were
born in this country
Cuba
84%
Most populous metro areasTampa
81%
Most famous National ParkEverglades
78%
Most populous city (city proper)Jacksonville
78%
Southernmost cityKey West
73%
NASA space launch site{Kennedy} Space
Center
71%
Most valuable cash cropOranges
63%
Most famous car raceDaytona 500
62%
Official state marine mammalManatee
57%
Bearded author who lived in the aboveErnest Hemingway
56%
Governor from 1999–2007Jeb Bush
50%
Native American tribe that fought three
wars against the U.S. government
Seminole
48%
Oldest continuously inhabited
city in the U.S.
St. Augustine
47%
Hurricane that struck in 1992Andrew
42%
Largest lakeOkeechobee
38%

Score Distribution

Percentile by Number Answered

Percent of People with Each Score

Your Score History

You have not taken this quiz since the last reset